| 000 | 01011cam a22002531 4500 | ||
|---|---|---|---|
| 005 | 20131030110826.0 | ||
| 008 | 721213s1955 iluak b 000 0 eng | ||
| 041 | 0 | _aeng | |
| 080 | _a316.77:651.17 | ||
| 100 | 1 |
_aKatz, Elihu, _d1926- |
|
| 245 | 1 | 0 |
_aPersonal influence; _cby Elihu Katz and Paul F. Lazarsfeld. With a foreword by Elmo Roper. |
| 260 |
_aGlencoe, Ill., _bFree Press _c[1955] |
||
| 300 |
_axx, 400 p. _bdiagrs., forms, tables. _c22 cm. |
||
| 490 | 1 |
_aFoundations of communications research ; _vv. 2 |
|
| 500 | _aForeword : f. XV-XX | ||
| 500 | _a"A report of the Bureau of Applied Social Research, Columbia University." | ||
| 504 | _aBibliography: p. 381-393. | ||
| 650 | 0 | _aOpinioni publik | |
| 650 | 0 | _aMediat masive | |
| 700 | 1 |
_aLazarsfeld, Paul F., _d1901-1976, _eauthor. |
|
| 710 | 2 |
_aColumbia University. _bBureau of Applied Social Research. |
|
| 830 | 0 |
_aFoundations of communications research ; _vv. 2. |
|
| 942 |
_2udc _cBK |
||
| 999 |
_c221 _d221 |
||